Estatísticas para Artistas e Bandas do Rock in Rio 2001

Clique aqui para jogar o quiz

Estatísticas Gerais

  • Esse quiz foi jogado 44 vezes
  • A pontuação média é 18 de 41

Estatísticas das Respostas

MúsicaArtista/Banda% Correto
Sweet Child O'MineGuns N'Roses
87%
WonderwallOasis
84%
CalifornicationRed Hot Chili Peppers
84%
EverlongFoo Fighters
76%
MalandragemCássia Eller
74%
À Sua ManeiraCapital Inicial
71%
The TrooperIron Maiden
68%
Losing my ReligionR.E.M.
68%
Por VocêBarão Vermelho
63%
A NamoradaCarlinhos Brown
61%
Chão de GizZé Ramalho
61%
Baby One More TimeBritney Spears
58%
Andar com FéGilberto Gil
58%
InútilUltraje a Rigor
58%
O Canto da CidadeDaniela Mercury
53%
Como Eu QueroKid Abelha
53%
Pra Ser SinceroEngenheiros do Hawaii
50%
Flores em VocêIra!
45%
Bate CoraçãoElba Ramalho
42%
Last ResortPapa Roach
42%
No One KnowsQueens of the Stone Age
39%
TerritorySepultura
39%
Rio 40 GrausFernanda Abreu
37%
TravessiaMilton Nascimento
37%
Bye Bye ByeN'Sync
37%
LoserBeck
34%
A CeraO Surto
34%
Ana's Song (Open Fire)Silverchair
34%
Eu Acho Que PireiSandy & Junior
24%
I'm All About YouAaron Carter
21%
Crash Into MeDave Matthews Band
21%
My Own Summer (Shove It)Deftones
21%
You've Got a FriendJames Taylor
21%
Harvest MoonNeil Young
21%
Closer to MeFive
18%
Sobre o TempoPato Fu
18%
Fields of GoldSting
18%
ChacinaPavilhão 9
16%
Chame GenteMoraes Moreira
13%
ResurrectionRob Halford
8%
Repente EnvenenadoSheik Tosado
5%

Distribuição das Pontuações

Percentil de Números Respondidos

Porcentagem de Pessoas com Cada Pontuação

Sua Pontuação Histórica

Você não jogou esse quiz